Osobitosti riadenia medzinárodne činného podniku diplomová práca

Gespeichert in:
Bibliographische Detailangaben
1. Verfasser: Chocholáčková, Adriana
Körperschaft: Fakulta podnikového manažmentu EU. Katedra manažmentu
Weitere Verfasser: Procházková, Katarína, 1983-
Format: Buch
Sprache:Slowakisch
Veröffentlicht: Bratislava 2015
Tags: Tag hinzufügen
Keine Tags, Fügen Sie das erste Tag hinzu!

MARC

LEADER 00000nbm a2200000 4500
001 0202812
005 20161212101317.3
041 0 |a slo 
044 |a SK 
245 1 0 |a Osobitosti riadenia medzinárodne činného podniku  |b diplomová práca  |c Adriana Chocholáčková ; školiteľ: Katarína Procházková 
264 1 |a Bratislava  |c 2015 
300 |a 84 s. 
100 1 |a Chocholáčková, Adriana 
700 1 |a Procházková, Katarína, 1983- 
710 2 |a Fakulta podnikového manažmentu EU. Katedra manažmentu